00781nam a22002297a 450000500170000001000110001702000100002803500110003803700160004904000120006508200120007710000230008924500430011226000450015527000450020030000210024565000280026665000590029494200210035399900190037495201580039320170124110102.0 a892609 c10.00 a892609 bCen Lib/Ret aDPLbEN aN-bAGE aAgee, James927432 aA death in the family /cby James Agee aNew DelhibPrentice -Hall of Indiac1974 aM-97,Connaught CircusbNew Delhie110001 a339p. c19cm(Hb) aDomestic fiction927433 aTraffic accident victims--Family relationships9107403 2ddccENhN-mAGE c129799d129799 04104070aLbLd2015-07-07eCen Lib/Retg10.00l0oN- AGEp892609r2015-07-07 00:00:00t1v10.00w2015-07-07yENzW/d List No. 6864/6 ; dtd 08/08/2020